Textbook of Practical Physiology/ (Record no. 214247)

MARC details
000 -LEADER
fixed length control field 00632nam a22002057a 4500
005 - DATE AND TIME OF LATEST TRANSACTION
control field 20260116170204.0
010 ## - LCCN (DPL NO)
LC control number ENG-147514
020 ## - INTERNATIONAL STANDARD BOOK NUMBER
International Standard Book Number 9789349750180
Terms of availability 975.00
035 ## - SYSTEM CONTROL NUMBER
System control number EN-131046
037 ## - SOURCE OF ACQUISITION
Source of stock number/acquisition DBAD
082 ## - DEWEY DECIMAL CLASSIFICATION NUMBER
Classification number 612.0078
Edition number 6
100 ## - MAIN ENTRY--PERSONAL NAME
Personal name Pal, G K
245 ## - TITLE STATEMENT
Title Textbook of Practical Physiology/
Statement of responsibility, etc G K Pal [and] Pravati Pal
250 ## - EDITION STATEMENT
Edition statement 6
260 ## - PUBLICATION, DISTRIBUTION, ETC. (IMPRINT)
Place of publication, distribution, etc Hyderabad
Name of publisher, distributor, etc Universities Press
Date of publication, distribution, etc 2026
270 ## - ADDRESS
Address 3-6-747/1/A&3-6-754/1,Himayatnagar,
City Hyderabad
Postal code 500029
300 ## - PHYSICAL DESCRIPTION
Extent xvi, 528p.
Other physical details ill.Index
Dimensions 27cm(pb)
700 ## - ADDED ENTRY--PERSONAL NAME
Personal name Pal, Pravati
9 (RLIN) 59301
Relator term Author
942 ## - ADDED ENTRY ELEMENTS (KOHA)
Source of classification or shelving scheme Dewey Decimal Classification
Item type English Books
Call number suffix PAL
Classification part 612.0078
Holdings
Withdrawn status Lost status Not for loan Collection code Home library Current library Date acquired Source of acquisition Cost, normal purchase price Full call number Barcode Copy number Cost, replacement price Koha item type
    Not For Loan Non-fiction D.B.Act.Division D.B.Act.Division 16/01/2026 Delivery of Books Act Division 975.00 PAL 612.0078 EN-131046 1 975.00 English Books

© Delhi Public Library
Hit Counter
free hit counter